000 00831nam a2200205 a 4500
008 120416s1991 ||||||||||||||||| || u
020 _a0875842372
050 _aHF 5548.2 Kee
100 _aKeen, Peter G. W
245 1 0 _aShaping the future: business design through information technology
260 _aBoston
_bHarvard Business School Press
_c1991
300 _axi, 264p.: ill
350 _a0.00
500 _aIncludes bibliographical references and index.
650 _aORGANISATIONAL CHANGE--MANAGEMENT
650 _aMANAGEMENT INFORMATION SYSTEMS
650 _aBUSINESS--DATA PROCESSING--MANAGEMENT
650 _aBUSINESS--COMMUNICATION SYSTEM--MANAGEMENT
995 _D0.00
_FCBU-MAIN LIBRARY (Kitwe)
_H1
_I29.45
_M1
_UAVAILABLE
_ZMain Library Open Access Collection
999 _c57382
_d57382